00944nam a22001697a 4500008004100000020001800041050001900059100002600078245003600104250001700140260003100157300001800188504011400206505036800320650004100688650004500729130131t2015 mx ||||fr|||| 001 0 spa d a978968180992804aHM66bS45 20121 aShepard Jon M.eautor10aSociologíac / Jon M. Shepard a3a edición3 aMexicob : Limusac , 2004 a295 páginas aIncluye: Al lector Tabla bibliográfica (página 7) Tabla de contenido Introducción Índice alfabético aLa sociología como ciencia la cultura Función social y rol o papel desempeñado La socialización La desviación social La etsratificación social Las organizaciones formales Los grupos Las instituciones sociales La familia La religión La institución política La educación La economía El cambio social El comportamiento colectivo La demografía14aSOCIOLOGÍAxTEORÍA - ENSEÑANZA24aPSICOLOGÍA SOCIALxRELACIONES SOCIALES